<?xml version="1.0" encoding="UTF-8"?><?xml-stylesheet type="text/xsl" href="static/style.xsl"?><OAI-PMH xmlns="http://www.openarchives.org/OAI/2.0/" xmlns:xsi="http://www.w3.org/2001/XMLSchema-instance" xsi:schemaLocation="http://www.openarchives.org/OAI/2.0/ http://www.openarchives.org/OAI/2.0/OAI-PMH.xsd"><responseDate>2026-04-27T14:08:58Z</responseDate><request verb="GetRecord" identifier="oai:uvadoc.uva.es:10324/77281" metadataPrefix="marc">https://uvadoc.uva.es/oai/request</request><GetRecord><record><header><identifier>oai:uvadoc.uva.es:10324/77281</identifier><datestamp>2025-09-02T11:50:00Z</datestamp><setSpec>com_10324_38</setSpec><setSpec>col_10324_852</setSpec></header><metadata><record xmlns="http://www.loc.gov/MARC21/slim" xmlns:doc="http://www.lyncode.com/xoai" xmlns:xsi="http://www.w3.org/2001/XMLSchema-instance" xmlns:dcterms="http://purl.org/dc/terms/" xsi:schemaLocation="http://www.loc.gov/MARC21/slim http://www.loc.gov/standards/marcxml/schema/MARC21slim.xsd">
<leader>00925njm 22002777a 4500</leader>
<datafield tag="042" ind1=" " ind2=" ">
<subfield code="a">dc</subfield>
</datafield>
<datafield tag="720" ind1=" " ind2=" ">
<subfield code="a">Romero Antolino, Judith</subfield>
<subfield code="e">author</subfield>
</datafield>
<datafield tag="260" ind1=" " ind2=" ">
<subfield code="c">2025</subfield>
</datafield>
<datafield tag="520" ind1=" " ind2=" ">
<subfield code="a">El presente trabajo está enfocado principalmente en introducir la metodología del Visual Thinking dentro de una propuesta curricular a través de una de sus herramientas más conocidas, el mapa mental. La propuesta didáctica expuesta en este trabajo tiene como objetivo su puesta en práctica futura, lo que demostrar´que esta técnica, además de innovadora, ejercerá un papel importante en cualquier momento. Este trabajo busca extender los conocimientos de otros docentes sobre esta metodología para que puedan utilizarla, además de ofrecer una idea concreta sobre una propuesta didáctica que puee adaptarse para otras posibles aplicaciones.</subfield>
</datafield>
<datafield tag="520" ind1=" " ind2=" ">
<subfield code="a">This work focuses mostly on introducing methodology of Visual Thinking  within a curricular proposal through one of its tools most known, mind map. This didactical proposal exposed in this work aims to put it into future practice what will prove that this technique, as well as innovative, will play a significant role whenever. This work seeks to extend the knowledge of the other teachers about this methodology so that they can use it, as well as offera particular idea about a didactical  proposal that can adapted for other possibilities applications.</subfield>
</datafield>
<datafield tag="024" ind2=" " ind1="8">
<subfield code="a">https://uvadoc.uva.es/handle/10324/77281</subfield>
</datafield>
<datafield tag="245" ind1="0" ind2="0">
<subfield code="a">Visual Thinking: el mapa mental como herramienta visual dentro de las aulas de Educación Primaria</subfield>
</datafield>
</record></metadata></record></GetRecord></OAI-PMH>